000 00459nam a2200181Ia 4500
008 210210b2015 xxu||||| |||| 00| 0 eng d
020 _a9788173719462
041 _aeng
082 _a574.88 CHAM
100 _aCHANNARAYAPPA
245 _aMolecular biology
260 _aHyderabad
_bUniversities Press (India) Private Limited
_c2015
300 _aviii,500
650 _aMolecular
650 _abiology
690 _aMolecular Biology
906 _a071337
999 _c120659
_d120659